[Event "Chessable Masters Play In"]
[Site "Chess.com INT"]
[Date "2024.01.31"]
[Round "3"]
[White "Mitrabha, Guha"]
[Black "Laurusas, Tomas"]
[Result "1-0"]
[WhiteElo "2504"]
[BlackElo "2590"]
[PlyCount "63"]
[EventDate "2024.01.31"]
[EventType "swiss (rapid)"]
[EventRounds "9"]
[EventCountry "USA"]
[SourceTitle "CB06_2024"]
[SourceDate "2024.02.07"]
[SourceVersion "1"]
[SourceVersionDate "2024.02.07"]
[SourceQuality "1"]

1. d4 d5 2. Nf3 Nf6 3. Bf4 c5 4. e3 Nc6 5. Nbd2 g6 6. c3 Bg7 7. dxc5 a5 8. Bb5 0-0 9. a4 Nh5 10. Bg5 Qc7 11. 0-0 e5 12. e4 h6 13. Bh4 Be6 14. exd5 Bxd5 15. Nc4 Nf4 16. Nb6 Be4 17. Nxa8 Rxa8 18. Re1 f5 19. Qd6 Qf7 20. Bxc6 bxc6 21. Nxe5 Bxe5 22. Qxe5 Nd3 23. Qd4 Nxe1 24. Rxe1 Re8 25. b4 Bd5 26. f3 g5 27. Bf2 Rxe1+ 28. Bxe1 Qe6 29. Bf2 Qe2 30. h3 Kf7 31. b5 Qc4 32. b6 1-0

[Event "Keres Memorial rap 33rd"]
[Site "Tallinn"]
[Date "2024.01.06"]
[Round "3"]
[White "Golubovskis, Maksims"]
[Black "Laurusas, Tomas"]
[Result "0-1"]
[WhiteElo "2176"]
[BlackElo "2590"]
[PlyCount "66"]
[EventDate "2024.01.06"]
[EventType "swiss (rapid)"]
[EventRounds "11"]
[EventCountry "EST"]
[SourceTitle "CB02_2024"]
[SourceDate "2024.01.10"]
[SourceVersion "1"]
[SourceVersionDate "2024.01.10"]
[SourceQuality "1"]

1. c4 c6 2. Nf3 d5 3. e3 Nf6 4. Nc3 a6 5. b3 g6 6. Bb2 Bg7 7. d4 0-0 8. Bd3 Bg4 9. 0-0 e6 10. h3 Bxf3 11. Qxf3 Nbd7 12. Rfd1 Re8 13. e4 dxe4 14. Nxe4 Nxe4 15. Bxe4 Qb6 16. Qe2 a5 17. Qc2 Rad8 18. Rac1 Qa7 19. a3 Nb6 20. h4 Nc8 21. c5 Ne7 22. Rd3 Rd7 23. g4 Red8 24. Rcd1 Qb8 25. Qd2 Nd5 26. Qxa5 Nf4 27. R3d2 Bxd4 28. Bxd4 Rxd4 29. Rxd4 Rxd4 30. Rxd4 Ne2+ 31. Kg2 Nxd4 32. Qc3 Qe5 33. f3 f5 0-1

[Event "Keres Memorial rap 33rd"]
[Site "Tallinn"]
[Date "2024.01.06"]
[Round "6"]
[White "Laurusas, Tomas"]
[Black "Pedoson, Georg Aleksander"]
[Result "1-0"]
[WhiteElo "2590"]
[BlackElo "2225"]
[PlyCount "97"]
[EventDate "2024.01.06"]
[EventType "swiss (rapid)"]
[EventRounds "11"]
[EventCountry "EST"]
[SourceTitle "CB02_2024"]
[SourceDate "2024.01.10"]
[SourceVersion "1"]
[SourceVersionDate "2024.01.10"]
[SourceQuality "1"]

1. d4 Nf6 2. c4 e6 3. Nf3 d5 4. Nc3 Be7 5. Bg5 0-0 6. e3 h6 7. Bh4 Re8 8. Rc1 c6 9. Bd3 Nbd7 10. 0-0 b6 11. cxd5 exd5 12. Bg3 Bf8 13. h3 Ne4 14. Bh2 Bd6 15. Bxd6 Nxd6 16. Ne2 Bb7 17. Nf4 Rc8 18. Qe2 Ne4 19. Rc2 c5 20. Ba6 Bxa6 21. Qxa6 cxd4 22. Rxc8 Qxc8 23. Qxc8 Rxc8 24. Nxd4 Ndf6 25. Rd1 g6 26. f3 Nc5 27. Nb5 Ne6 28. Nd3 a6 29. Nc3 d4 30. exd4 Nxd4 31. Nb4 Rc4 32. Nxa6 Kg7 33. a3 h5 34. Kf2 h4 35. Nb4 Nf5 36. Rd8 Nh5 37. Nd3 Nhg3 38. Rd7 Rd4 39. Rxd4 Nxd4 40. Ne5 Ngf5 41. a4 f6 42. Nc4 Nb3 43. Nxb6 Kf7 44. Nc4 Ke7 45. a5 Kd7 46. a6 Kc6 47. a7 Kb7 48. Nb5 Nfd4 49. Nb6 1-0

[Event "SVK-chT 2324"]
[Site "Slovakia"]
[Date "2023.12.09"]
[Round "3.2"]
[White "Laurusas, Tomas"]
[Black "Simacek, Pavel"]
[Result "1-0"]
[WhiteElo "2566"]
[BlackElo "2453"]
[PlyCount "145"]
[EventDate "2023.11.04"]
[EventType "team-tourn"]
[EventRounds "11"]
[EventCountry "SVK"]
[SourceTitle "CB04_2024"]
[SourceDate "2023.10.16"]
[SourceVersion "1"]
[SourceVersionDate "2023.10.16"]
[SourceQuality "1"]
[WhiteTeam "Modra"]
[BlackTeam "Humenne Reinter"]
[WhiteTeamCountry "SVK"]
[BlackTeamCountry "SVK"]

1. d4 Nf6 2. c4 e6 3. Nf3 d5 4. Nc3 c6 5. e3 Nbd7 6. Be2 Bd6 7. 0-0 0-0 8. b3 Re8 9. Bb2 b6 10. Bd3 Bb7 11. Re1 e5 12. cxd5 cxd5 13. Nb5 Bb8 14. dxe5 Nxe5 15. Nxe5 Bxe5 16. Bxe5 Rxe5 17. Rc1 Ne4 18. Nd4 Qf6 19. Qf3 Qxf3 20. Nxf3 Re7 21. Nd4 Nc5 22. Be2 a5 23. Red1 Kf8 24. h3 g6 25. Rc3 Ne4 26. Rc2 Nc5 27. Bf3 Re5 28. Nb5 Rd8 29. Nc3 Na6 30. Rcd2 Nb4 31. a3 Na6 32. Bxd5 Bxd5 33. Nxd5 Rd6 34. f3 Nc5 35. b4 axb4 36. axb4 Nb3 37. Rd3 Nc1 38. Rxc1 Rexd5 39. Rxd5 Rxd5 40. Rc6 Rb5 41. Rc4 Rd5 42. g4 Rd3 43. Kf2 Rb3 44. Re4 Kg7 45. h4 h6 46. g5 hxg5 47. hxg5 b5 48. Ke2 f5 49. gxf6+ Kxf6 50. f4 Rb2+ 51. Kd3 Rb3+ 52. Kd2 g5 53. fxg5+ Kf5 54. Rd4 Kxg5 55. Rd5+ Kf6 56. Rxb5 Ke6 57. Ke2 Kd6 58. Kf3 Kc6 59. Rc5+ Kd6 60. Rc4 Kd5 61. Rd4+ Ke5 62. Rh4 Rb1 63. Rh5+ Ke6 64. b5 Rb4 65. e4 Rb3+ 66. Kf4 Kf6 67. Rh6+ Kg7 68. Rb6 Kf7 69. Ke5 Ke7 70. Rb7+ Kd8 71. Kd6 Rd3+ 72. Ke6 Rb3 73. Rd7+ 1-0

[Event "Sant Boi de Llobregat op 4th"]
[Site "Sant Boi de Llobregat"]
[Date "2023.12.05"]
[Round "6"]
[White "Zwirs, Nico"]
[Black "Laurusas, Tomas"]
[Result "1/2-1/2"]
[WhiteElo "2468"]
[BlackElo "2581"]
[PlyCount "59"]
[EventDate "2023.11.30"]
[EventType "swiss"]
[EventRounds "9"]
[EventCountry "ESP"]
[SourceTitle "CB50_2023"]
[SourceDate "2023.12.13"]
[SourceVersion "1"]
[SourceVersionDate "2023.12.13"]
[SourceQuality "1"]

1. e4 c5 2. Nf3 e6 3. d4 cxd4 4. Nxd4 a6 5. Bd3 Bc5 6. Nb3 Ba7 7. Qe2 Ne7 8. Nc3 d6 9. Be3 0-0 10. Bxa7 Rxa7 11. Qe3 Nbc6 12. f4 b5 13. 0-0-0 Qc7 14. h4 b4 15. Na4 Bd7 16. Nb6 a5 17. Nxd7 Qxd7 18. Bb5 Qc7 19. Ba4 Raa8 20. h5 Rac8 21. Rd2 h6 22. g4 d5 23. Rg1 dxe4 24. Qxe4 Rfd8 25. f5 Rxd2 26. Nxd2 exf5 27. gxf5 Qd6 28. Qg4 Qe5 29. Nc4 Qd4 30. Bxc6 1/2-1/2

[Event "Sant Boi de Llobregat op 4th"]
[Site "Sant Boi de Llobregat"]
[Date "2023.12.04"]
[Round "5"]
[White "Laurusas, Tomas"]
[Black "Johansson, Linus"]
[Result "1-0"]
[WhiteElo "2581"]
[BlackElo "2439"]
[PlyCount "91"]
[EventDate "2023.11.30"]
[EventType "swiss"]
[EventRounds "9"]
[EventCountry "ESP"]
[SourceTitle "CB50_2023"]
[SourceDate "2023.12.13"]
[SourceVersion "1"]
[SourceVersionDate "2023.12.13"]
[SourceQuality "1"]

1. d4 Nf6 2. c4 e6 3. Nf3 d5 4. Nc3 Be7 5. cxd5 exd5 6. Bf4 c6 7. h3 0-0 8. e3 Bf5 9. Qb3 Qb6 10. g4 Be4 11. Nxe4 Nxe4 12. Bd3 Nd7 13. 0-0 Ndf6 14. Qxb6 axb6 15. a4 Nd6 16. Ne5 Rfd8 17. Rfc1 Nde8 18. b3 Nd7 19. Nxc6 bxc6 20. Rxc6 g6 21. Rac1 Ba3 22. R1c2 Kf8 23. f3 f6 24. Bg3 Ke7 25. h4 Bd6 26. Be1 Rdb8 27. e4 dxe4 28. fxe4 Kd8 29. g5 fxg5 30. hxg5 Bf4 31. e5 Bxg5 32. Bb5 Be3+ 33. Kg2 g5 34. Bb4 Bxd4 35. e6 Bc5 36. Rd2 Ra7 37. exd7 Nc7 38. Bc3 Be7 39. Bf6 Bxf6 40. Rxf6 Ke7 41. Rxb6 Rd8 42. Re2+ Kf8 43. Bc6 Kf7 44. b4 h5 45. a5 Kf8 46. Re5 1-0

[Event "Sant Boi de Llobregat op 4th"]
[Site "Sant Boi de Llobregat"]
[Date "2023.12.03"]
[Round "4"]
[White "Martinez Fernandez, Adrian"]
[Black "Laurusas, Tomas"]
[Result "0-1"]
[WhiteElo "2405"]
[BlackElo "2581"]
[PlyCount "114"]
[EventDate "2023.11.30"]
[EventType "swiss"]
[EventRounds "9"]
[EventCountry "ESP"]
[SourceTitle "CB50_2023"]
[SourceDate "2023.12.13"]
[SourceVersion "1"]
[SourceVersionDate "2023.12.13"]
[SourceQuality "1"]

1. e4 c5 2. Nf3 e6 3. d4 cxd4 4. Nxd4 a6 5. Bd3 Qc7 6. 0-0 Nf6 7. Qe2 d6 8. c4 g6 9. Nc3 Bg7 10. Be3 0-0 11. Rad1 Nc6 12. Nxc6 bxc6 13. h3 c5 14. f4 Bb7 15. Qf2 Nd7 16. f5 Rae8 17. Kh1 Re7 18. Bb1 Be5 19. Bh6 Rfe8 20. fxe6 fxe6 21. Rd3 Bg7 22. Bxg7 Kxg7 23. Rf3 Ne5 24. Rf8 Rf7 25. Rxf7+ Qxf7 26. Qxf7+ Nxf7 27. Kg1 Ne5 28. b3 g5 29. Rd1 Rd8 30. Na4 Nf7 31. Kf2 Bc6 32. Nb2 h6 33. Ke3 Kf6 34. Nd3 a5 35. Bc2 Ra8 36. g3 Ke7 37. Rb1 h5 38. Rg1 Rh8 39. Bd1 h4 40. Bg4 hxg3 41. Rxg3 a4 42. bxa4 Bxa4 43. e5 Nxe5 44. Nxe5 dxe5 45. Ke4 Rf8 46. Kxe5 Rf1 47. Re3 Bd7 48. Ke4 Ra1 49. a3 Ra2 50. Rb3 Bc6+ 51. Ke5 Rc2 52. Re3 Bd7 53. Be2 Bc8 54. Bf1 Rc1 55. Be2 Ba6 56. Re4 Rc3 57. a4 Bb7 0-1

[Event "Sant Boi de Llobregat op 4th"]
[Site "Sant Boi de Llobregat"]
[Date "2023.11.30"]
[Round "1"]
[White "Laurusas, Tomas"]
[Black "Tulchynskyi, Feliks"]
[Result "1-0"]
[WhiteElo "2581"]
[BlackElo "2325"]
[PlyCount "63"]
[EventDate "2023.11.30"]
[EventType "swiss"]
[EventRounds "9"]
[EventCountry "ESP"]
[SourceTitle "CB50_2023"]
[SourceDate "2023.12.13"]
[SourceVersion "1"]
[SourceVersionDate "2023.12.13"]
[SourceQuality "1"]

1. d4 Nf6 2. c4 e6 3. Nc3 Bb4 4. e3 0-0 5. Bd3 d5 6. Nge2 c5 7. cxd5 cxd4 8. exd4 Nxd5 9. 0-0 Nc6 10. Be4 Re8 11. Qd3 g6 12. Qf3 Nb6 13. Rd1 Qe7 14. Bf4 Bd7 15. Qg3 Na5 16. h4 Bc6 17. h5 Nd5 18. hxg6 hxg6 19. Bg5 Qd7 20. Bd3 Nxc3 21. bxc3 Be7 22. Bf4 Bf6 23. Be5 Bxe5 24. dxe5 Qc7 25. Re1 Red8 26. Nf4 Be8 27. Rac1 Qe7 28. Re3 Nc6 29. Nh5 Qf8 30. Qg5 Nxe5 31. Nf6+ Kg7 32. Qxe5 1-0

[Event "EU-chT 24th"]
[Site "Budva"]
[Date "2023.11.20"]
[Round "9.13"]
[White "Laurusas, Tomas"]
[Black "Pechac, Jergus"]
[Result "1/2-1/2"]
[WhiteElo "2566"]
[BlackElo "2580"]
[PlyCount "110"]
[EventDate "2023.11.11"]
[EventType "team-swiss"]
[EventRounds "9"]
[EventCountry "MNE"]
[SourceTitle "CB47_2023"]
[SourceDate "2023.11.22"]
[SourceVersion "1"]
[SourceVersionDate "2023.11.22"]
[SourceQuality "1"]
[WhiteTeam "Lithuania"]
[BlackTeam "Slovakia"]
[WhiteTeamCountry "LTU"]
[BlackTeamCountry "SVK"]

1. d4 Nf6 2. c4 e6 3. Nf3 d5 4. Nc3 Be7 5. Bg5 h6 6. Bh4 dxc4 7. e3 c5 8. Bxc4 cxd4 9. Nxd4 Bd7 10. 0-0 Nc6 11. Nf3 0-0 12. Qe2 Nh5 13. Bxe7 Qxe7 14. a3 Rfd8 15. Rac1 Rac8 16. Rfd1 Be8 17. Ba2 Rxd1+ 18. Rxd1 Nf6 19. h3 Rd8 20. Kf1 Rxd1+ 21. Qxd1 Qd8 22. Qxd8 Nxd8 23. Ne5 Kf8 24. f4 Ke7 25. Ke2 Nd7 26. Nd3 Nb6 27. e4 Na4 28. Nd1 Bb5 29. Ke3 Bxd3 30. Kxd3 e5 31. f5 Nc6 32. b4 Nd4 33. Bd5 b6 34. Ne3 b5 35. Ba2 Nb6 36. Ng4 f6 37. Ne3 Nc6 38. Kc3 Nd4 39. Kd3 Nc6 40. Nd1 Nd4 41. Nc3 Kd6 42. Nd1 Ke7 43. Nb2 Nc8 44. Kd2 Nb6 45. Nd3 Na4 46. Nf2 Nb6 47. Nd1 Kd6 48. Nb2 Ke7 49. Bb1 Nb3+ 50. Kc3 Nd4 51. Bd3 Kd6 52. Bf1 Kc6 53. Bd3 Kd6 54. Bf1 Kc6 55. Bd3 Kd6 1/2-1/2

[Event "EU-chT 24th"]
[Site "Budva"]
[Date "2023.11.17"]
[Round "6.1"]
[White "Laurusas, Tomas"]
[Black "Dragnev, Valentin"]
[Result "1/2-1/2"]
[WhiteElo "2566"]
[BlackElo "2589"]
[PlyCount "66"]
[EventDate "2023.11.11"]
[EventType "team-swiss"]
[EventRounds "9"]
[EventCountry "MNE"]
[SourceTitle "CB47_2023"]
[SourceDate "2023.11.22"]
[SourceVersion "1"]
[SourceVersionDate "2023.11.22"]
[SourceQuality "1"]
[WhiteTeam "Lithuania"]
[BlackTeam "Austria"]
[WhiteTeamCountry "LTU"]
[BlackTeamCountry "AUT"]

1. d4 d5 2. c4 e6 3. Nf3 Nf6 4. Nc3 c5 5. cxd5 cxd4 6. Qxd4 exd5 7. e4 dxe4 8. Qxd8+ Kxd8 9. Ng5 Be6 10. Nxe6+ fxe6 11. Bg5 Nc6 12. 0-0-0+ Ke8 13. Bc4 Ne5 14. Be2 Bb4 15. Bxf6 gxf6 16. Nxe4 f5 17. Ng5 Ke7 18. f4 Ng6 19. g3 h6 20. Nf3 Rhd8 21. Kc2 Kf6 22. Bc4 Ba5 23. a3 Rxd1 24. Rxd1 Rd8 25. Rf1 Rc8 26. Kd3 Rd8+ 27. Kc2 Rc8 28. Kb3 Rd8 29. Rf2 Bc7 30. Kc2 Rc8 31. Kb3 Rd8 32. Kc2 Rc8 33. Kb3 Rd8 1/2-1/2

[Event "EU-chT 24th"]
[Site "Budva"]
[Date "2023.11.14"]
[Round "4.1"]
[White "Georgiadis, Nico"]
[Black "Laurusas, Tomas"]
[Result "0-1"]
[WhiteElo "2556"]
[BlackElo "2566"]
[PlyCount "96"]
[EventDate "2023.11.11"]
[EventType "team-swiss"]
[EventRounds "9"]
[EventCountry "MNE"]
[SourceTitle "CB47_2023"]
[SourceDate "2023.11.22"]
[SourceVersion "1"]
[SourceVersionDate "2023.11.22"]
[SourceQuality "1"]
[WhiteTeam "Switzerland"]
[BlackTeam "Lithuania"]
[WhiteTeamCountry "SUI"]
[BlackTeamCountry "LTU"]

1. d4 d5 2. c4 c6 3. Nf3 Nf6 4. Nc3 a6 5. e3 g6 6. a4 a5 7. cxd5 cxd5 8. Bb5+ Nc6 9. Ne5 Bd7 10. 0-0 e6 11. Nxd7 Qxd7 12. f3 Bg7 13. e4 0-0 14. e5 Ne8 15. Be3 Nc7 16. Be2 Qe7 17. Qb3 Qb4 18. Qxb4 Nxb4 19. Rac1 Rfc8 20. f4 f5 21. exf6 Bxf6 22. g4 Ne8 23. Nb5 Rc6 24. f5 exf5 25. gxf5 Nc2 26. Bf2 Bg5 27. Rcd1 gxf5 28. Kh1 Nf6 29. Bd3 Ne4 30. Nc3 Nb4 31. Bg3 Rf8 32. Be5 Be3 33. Bxe4 fxe4 34. Rxf8+ Kxf8 35. Rf1+ Ke7 36. Rf5 Rg6 37. Bg3 Bxd4 38. Rh5 Ke6 39. Nb5 Bb6 40. Rxh7 d4 41. Rxb7 Nd5 42. Bf2 Ke5 43. Rxb6 Nxb6 44. Bxd4+ Kf4 45. b3 Kf3 46. Bc3 Kf2 47. h3 Nd5 48. Bxa5 Rh6 0-1

[Event "Taujenai-ch rapid"]
[Site "Taujenai"]
[Date "2023.10.29"]
[Round "10"]
[White "Laurusas, Tomas"]
[Black "Salna, Aleksandras"]
[Result "1-0"]
[WhiteElo "2493"]
[BlackElo "2217"]
[PlyCount "199"]
[EventDate "2023.10.28"]
[EventType "swiss (rapid)"]
[EventRounds "10"]
[EventCountry "LTU"]
[SourceTitle "Mega2024 Update 01"]
[Source "Chessbase"]
[SourceDate "2023.11.12"]
[SourceVersion "1"]
[SourceVersionDate "2023.11.12"]
[SourceQuality "1"]

1. c4 c6 2. Nf3 d5 3. g3 Nf6 4. Bg2 dxc4 5. a4 a5 6. Na3 Nbd7 7. Nxc4 Nb6 8. b3 g6 9. d4 Bg7 10. Ba3 Nxc4 11. bxc4 0-0 12. 0-0 Bf5 13. Qb3 Be4 14. Rad1 Rb8 15. Rfe1 b5 16. axb5 cxb5 17. cxb5 Qd5 18. Qa4 Rxb5 19. Bxe7 Rfb8 20. Rc1 Nd7 21. Qa3 Bf8 22. Bxf8 Nxf8 23. Rc5 Rxc5 24. dxc5 Ne6 25. Qxa5 Rb2 26. Qc3 Rc2 27. Qe5 Rxc5 28. Qxd5 Rxd5 29. Nh4 Bxg2 30. Kxg2 Rd2 31. Nf3 Ra2 32. Kf1 Kg7 33. Rb1 h5 34. Rd1 Kf6 35. Rd2 Ra1+ 36. Kg2 Ng5 37. Nd4 Ne6 38. Nf3 Ng5 39. Nd4 Ne6 40. Nb5 Rb1 41. Nc3 Rb7 42. Ne4+ Kg7 43. Ra2 Re7 44. Nd6 Rd7 45. Ra6 Re7 46. e3 Nc5 47. Ra8 Ne4 48. Re8 Rxe8 49. Nxe8+ Kf8 50. Nc7 Ke7 51. Kf3 Ng5+ 52. Ke2 Ne4 53. f3 Nd6 54. Kd3 f5 55. h4 Nf7 56. Nd5+ Ke6 57. Nf4+ Kf6 58. Nh3 Ne5+ 59. Ke2 Nc4 60. Ng5 Ne5 61. Kd2 Ke7 62. e4 Kf6 63. Ke3 Nc6 64. Kd3 fxe4+ 65. fxe4 Ke5 66. Ke3 Nd8 67. Nf3+ Kd6 68. Kd4 Ne6+ 69. Kc4 Ng7 70. Nd4 Ne8 71. Kd3 Ke5 72. Nf3+ Kd6 73. Kd4 Ng7 74. Ke3 Ne6 75. Ng5 Nc5 76. Nh3 Ke5 77. Nf2 Ne6 78. Nd3+ Kf6 79. Nf4 Nc7 80. Kd4 Nb5+ 81. Kc4 Nd6+ 82. Kd5 Nf7 83. Nh3 Ne5 84. Ng5 Ng4 85. Kd6 Ne3 86. e5+ Kg7 87. Kd7 Nf5 88. Ne4 Kf8 89. Nd6 Nh6 90. e6 Ng8 91. Kd8 Ne7 92. Nc4 Nf5 93. Ne3 Nd6 94. Kd7 Ne8 95. Nd5 Ng7 96. Nf4 g5 97. hxg5 Nf5 98. Nxh5 Ne7 99. Nf4 Nf5 100. Ng6+ 1-0

[Event "Taujenai-ch rapid"]
[Site "Taujenai"]
[Date "2023.10.29"]
[Round "7"]
[White "Sakalauskas, Vaidas"]
[Black "Laurusas, Tomas"]
[Result "0-1"]
[WhiteElo "2285"]
[BlackElo "2493"]
[PlyCount "62"]
[EventDate "2023.10.28"]
[EventType "swiss (rapid)"]
[EventRounds "10"]
[EventCountry "LTU"]
[SourceTitle "Mega2024 Update 01"]
[Source "Chessbase"]
[SourceDate "2023.11.12"]
[SourceVersion "1"]
[SourceVersionDate "2023.11.12"]
[SourceQuality "1"]

1. d4 Nf6 2. c4 e6 3. Nc3 d5 4. Nf3 Bb4 5. Qb3 Be7 6. cxd5 exd5 7. Bg5 c6 8. e3 0-0 9. Bd3 h6 10. Bh4 Ne8 11. Bxe7 Qxe7 12. 0-0 Nd6 13. Rae1 Nd7 14. e4 dxe4 15. Nxe4 Nxe4 16. Bxe4 Qd6 17. Rd1 Nf6 18. Bc2 Bg4 19. h3 Bxf3 20. Qxf3 Rad8 21. Bb3 Rd7 22. Rfe1 Rfd8 23. Re5 Qb4 24. a3 Qb6 25. Rde1 Qxd4 26. Re7 Kf8 27. R7e2 Qc5 28. Re5 Qd4 29. R5e2 Qb6 30. Qc3 Rd3 31. Qe5 Qxb3 0-1

[Event "Taujenai-ch rapid"]
[Site "Taujenai"]
[Date "2023.10.28"]
[Round "4"]
[White "Laurusas, Tomas"]
[Black "Juknis, Paulius"]
[Result "1-0"]
[WhiteElo "2493"]
[BlackElo "2095"]
[PlyCount "77"]
[EventDate "2023.10.28"]
[EventType "swiss (rapid)"]
[EventRounds "10"]
[EventCountry "LTU"]
[SourceTitle "Mega2024 Update 01"]
[Source "Chessbase"]
[SourceDate "2023.11.12"]
[SourceVersion "1"]
[SourceVersionDate "2023.11.12"]
[SourceQuality "1"]

1. d4 Nf6 2. Nf3 g6 3. Nbd2 Bg7 4. e4 d6 5. Bd3 0-0 6. 0-0 Nc6 7. Re1 e5 8. c3 Nh5 9. Nb3 h6 10. Be3 Qf6 11. Qc1 g5 12. a4 Nf4 13. Bf1 g4 14. Nfd2 h5 15. a5 a6 16. Nc4 Bh6 17. dxe5 dxe5 18. Nc5 Kg7 19. b4 Rh8 20. Ra2 h4 21. g3 Nh3+ 22. Bxh3 gxh3 23. f4 hxg3 24. f5 g2 25. Rf2 Rb8 26. Rf3 Bxe3+ 27. Nxe3 b6 28. Ng4 Qh4 29. Nd3 f6 30. Rg3 Kf8 31. Ngf2 Bd7 32. axb6 cxb6 33. Rxh3 Qxh3 34. Nxh3 Rxh3 35. Re3 Rh4 36. Qa3 Kf7 37. Qa2+ Ke7 38. Qxg2 Nd8 39. Nxe5 1-0

[Event "POL-chT Ekstraliga"]
[Site "Lublin"]
[Date "2023.09.22"]
[Round "5.5"]
[White "Laurusas, Tomas"]
[Black "Fedorchuk, Sergey A"]
[Result "1/2-1/2"]
[WhiteElo "2550"]
[BlackElo "2578"]
[PlyCount "35"]
[EventDate "2023.09.18"]
[EventType "team-tourn"]
[EventRounds "9"]
[EventCountry "POL"]
[SourceTitle "EXT 2024"]
[Source "ChessBase"]
[SourceDate "2023.10.10"]
[SourceVersion "1"]
[SourceVersionDate "2023.10.10"]
[SourceQuality "1"]
[WhiteTeam "Gliwice Akademia Szachowa"]
[BlackTeam "Raciborz Silesia"]
[WhiteTeamCountry "POL"]
[BlackTeamCountry "POL"]

1. d4 Nf6 2. c4 e6 3. Nf3 Bb4+ 4. Bd2 Bxd2+ 5. Qxd2 d5 6. e3 0-0 7. Nc3 Qe7 8. Rc1 dxc4 9. Bxc4 c5 10. dxc5 Rd8 11. Qe2 Qxc5 12. 0-0 Nc6 13. e4 Nd7 14. Rfd1 Nf8 15. Rxd8 Nxd8 16. e5 Bd7 17. Ne4 Qe7 18. Qe3 1/2-1/2

[Event "POL-chT Ekstraliga"]
[Site "Lublin"]
[Date "2023.09.19"]
[Round "2.2"]
[White "Laurusas, Tomas"]
[Black "Szpar, Milosz"]
[Result "1-0"]
[WhiteElo "2550"]
[BlackElo "2477"]
[PlyCount "147"]
[EventDate "2023.09.18"]
[EventType "team-tourn"]
[EventRounds "9"]
[EventCountry "POL"]
[SourceTitle "EXT 2024"]
[Source "ChessBase"]
[SourceDate "2023.10.10"]
[SourceVersion "1"]
[SourceVersionDate "2023.10.10"]
[SourceQuality "1"]
[WhiteTeam "Gliwice Akademia Szachowa"]
[BlackTeam "Krakow Dwie Wieze"]
[WhiteTeamCountry "POL"]
[BlackTeamCountry "POL"]

1. d4 d5 2. c4 e6 3. Nc3 Nf6 4. cxd5 exd5 5. Bg5 c6 6. e3 Bd6 7. Bd3 0-0 8. Nf3 Re8 9. Bh4 Nbd7 10. Qc2 Nf8 11. 0-0-0 Ng6 12. Bg3 b5 13. Kb1 Bg4 14. Rc1 a6 15. Nd2 c5 16. Bxd6 Qxd6 17. dxc5 Qxc5 18. h3 Bd7 19. Nf3 Qb6 20. Qb3 Qa5 21. Qa3 Qxa3 22. bxa3 Rab8 23. Rhd1 Ne5 24. Nxe5 Rxe5 25. Be2 a5 26. Bf3 Bf5+ 27. Kb2 Be4 28. Rd4 h6 29. Nxe4 dxe4 30. Bd1 Rf5 31. Rd2 h5 32. Rc7 Nd5 33. Rcc2 Nb6 34. Rd4 Na4+ 35. Ka1 Nc5 36. Rcd2 Nd3 37. f4 exf3 38. Bxf3 Nc5 39. Rd5 Rxd5 40. Rxd5 Rc8 41. Bxh5 b4 42. Bg4 Rc7 43. axb4 axb4 44. Kb2 Kf8 45. Rd4 Ke7 46. Be2 Rb7 47. Bc4 Rb6 48. Rd5 Rc6 49. Rf5 f6 50. h4 Rc7 51. Rf4 Kd6 52. Rd4+ Ke7 53. Be2 Rb7 54. Bc4 Ra7 55. Bb3 Rd7 56. Kc2 Rb7 57. Kd2 Nd7 58. Kd3 Ne5+ 59. Ke4 Rb8 60. Rd5 Rh8 61. g3 Rh6 62. Kf4 Rg6 63. Bd1 Rh6 64. Rb5 Kd6 65. Bc2 g5+ 66. hxg5 fxg5+ 67. Kxg5 Rh2 68. Bb3 Nc6 69. g4 Re2 70. Kf4 Rf2+ 71. Kg3 Re2 72. Kf3 Rd2 73. g5 Ne5+ 74. Ke4 1-0

[Event "Marijampole Buzas Memorial"]
[Site "Marijampole"]
[Date "2023.08.26"]
[Round "1"]
[White "Alionyte, Patricija"]
[Black "Laurusas, Tomas"]
[Result "0-1"]
[WhiteElo "1475"]
[BlackElo "2498"]
[PlyCount "56"]
[EventDate "2023.08.26"]
[EventType "swiss (rapid)"]
[EventRounds "9"]
[EventCountry "LTU"]
[SourceTitle "EXT 2024"]
[Source "ChessBase"]
[SourceDate "2023.10.10"]
[SourceVersion "1"]
[SourceVersionDate "2023.10.10"]
[SourceQuality "1"]

1. e4 c6 2. Nf3 d5 3. Nc3 a6 4. d4 Bg4 5. exd5 cxd5 6. Be2 Bxf3 7. Bxf3 e6 8. 0-0 Be7 9. Re1 Nc6 10. Rb1 Nf6 11. Be3 0-0 12. a3 Rc8 13. Qd2 Na5 14. Be2 b5 15. b4 Nc4 16. Bxc4 Rxc4 17. Rec1 Qc7 18. Nd1 Rc8 19. Rb2 Ne4 20. Qe1 Bd6 21. h3 h6 22. Qe2 a5 23. Qd3 axb4 24. axb4 Bxb4 25. Rcb1 Qa5 26. f3 Bd6 27. Nf2 Nc3 28. Rc1 Ba3 0-1

[Event "Marijampole Buzas Memorial"]
[Site "Marijampole"]
[Date "2023.08.26"]
[Round "3"]
[White "Juknis, Paulius"]
[Black "Laurusas, Tomas"]
[Result "0-1"]
[WhiteElo "2065"]
[BlackElo "2498"]
[PlyCount "82"]
[EventDate "2023.08.26"]
[EventType "swiss (rapid)"]
[EventRounds "9"]
[EventCountry "LTU"]
[SourceTitle "EXT 2024"]
[Source "ChessBase"]
[SourceDate "2023.10.10"]
[SourceVersion "1"]
[SourceVersionDate "2023.10.10"]
[SourceQuality "1"]

1. d4 Nf6 2. Nc3 d5 3. Bf4 a6 4. e3 b5 5. Nf3 Bb7 6. Ne5 e6 7. a3 c5 8. g4 Nfd7 9. Bg2 Nxe5 10. Bxe5 Nc6 11. Bg3 Rc8 12. Ne2 Be7 13. c3 0-0 14. h4 Re8 15. g5 a5 16. Kf1 Ba6 17. Nf4 b4+ 18. Kg1 bxa3 19. bxa3 Bd6 20. Qg4 Rc7 21. h5 Bc8 22. Qf3 Ne7 23. g6 Nf5 24. Bh3 Nxg3 25. fxg3 Qg5 26. gxf7+ Rxf7 27. h6 g6 28. Rf1 a4 29. Qg4 Qxh6 30. Bg2 Qg7 31. Qe2 c4 32. Qb2 Rb7 33. Qc2 Rb3 34. Nxd5 exd5 35. Bxd5+ Be6 36. Bc6 Rf8 37. Rxf8+ Qxf8 38. Be4 Bxg3 39. Kg2 Bd6 40. d5 Bf5 41. Bxf5 Qxf5 0-1

[Event "Marijampole Buzas Memorial"]
[Site "Marijampole"]
[Date "2023.08.26"]
[Round "6"]
[White "Laurusas, Tomas"]
[Black "Salna, Aleksandras"]
[Result "1/2-1/2"]
[WhiteElo "2498"]
[BlackElo "2204"]
[PlyCount "134"]
[EventDate "2023.08.26"]
[EventType "swiss (rapid)"]
[EventRounds "9"]
[EventCountry "LTU"]
[SourceTitle "EXT 2024"]
[Source "ChessBase"]
[SourceDate "2023.10.10"]
[SourceVersion "1"]
[SourceVersionDate "2023.10.10"]
[SourceQuality "1"]

1. c4 c6 2. Nf3 d5 3. g3 Nf6 4. Bg2 g6 5. d4 Bg7 6. Nc3 0-0 7. cxd5 cxd5 8. 0-0 Nc6 9. Ne5 Bf5 10. Nxc6 bxc6 11. b3 c5 12. Be3 Ne4 13. Rc1 Nxc3 14. Rxc3 cxd4 15. Bxd4 e6 16. Qd2 h5 17. Rfc1 a5 18. Rc7 Re8 19. h3 e5 20. Bb6 Be6 21. Bxa5 e4 22. b4 e3 23. Qxe3 Bxh3 24. Qf3 Be6 25. a4 Qd6 26. R1c6 Qe5 27. Rc1 Bh6 28. e3 Bf8 29. Qf4 Qb2 30. R1c6 Bg7 31. Rb7 Rxa5 32. Rxe6 Rf8 33. Ree7 Rxa4 34. Rxf7 Rxf7 35. Qxf7+ Kh7 36. Rb6 Qb1+ 37. Kh2 Rxb4 38. Rxb4 Qxb4 39. Bxd5 Qb2 40. Kg2 Qf6 41. Qg8+ Kh6 42. Qe8 Qe5 43. Qd7 Qb2 44. Be4 Qe5 45. Bc2 Qc3 46. Bb1 Qb2 47. Qd3 Qf6 48. Qe4 Qb6 49. Bc2 Qd6 50. Bd3 Qf6 51. f4 Qb2+ 52. Kf3 Qf6 53. Qe8 Qb6 54. Be4 Qd6 55. Bc2 Qd5+ 56. Qe4 Qxe4+ 57. Kxe4 Bc3 58. Kf3 Be1 59. e4 Kg7 60. e5 Kf7 61. Bb1 Kg7 62. Bc2 Kf7 63. Bb3+ Ke7 64. Bd1 Kf7 65. Be2 Ke7 66. f5 gxf5 67. Kf4 h4 1/2-1/2